000 00553nam a22002057a 4500
003 OSt
005 20220829100154.0
008 220829b |||||||| |||| 00| 0 eng d
020 _a3540780866
040 _cIFM Library
082 _a005.746
100 _aSalomon, David
_94798
245 _aData Compression: The Complete Reference
250 _a2nd ed.
260 _aNew York;
_bSpringer,
_c2000
300 _axvi,821pg.:
_bill.; 25cm.
500 _aInclude Bibliography, Glossary and Index
650 _aData
_94799
942 _cBK
_2ddc
_e2nd ed
_n0
999 _c15846
_d15846